Statistiques concernant Pays bordant la Mer d'Arabie

Cliquez ici pour prendre le quiz!

Statistiques générales

  • Ce quiz a été pris 67 fois
    (34 depuis la dernière actualisation)
  • Le résultat moyen est 7 sur 8

Statistiques - réponses

Pays% Correct
Oman
100%
Pakistan
97%
Yémen
97%
Emirats Arabes Unis
93%
Iran
93%
Inde
90%
Maldives
77%
Somalie
73%

Distribution des résultats

Percentile par nombre de réponses

% des personnes avec chaque résultat

Votre développement - résultats

Vous n’avez pas pris ce quiz depuis la dernière actualisation